000 01894cam a22005054i 4500
003 PE-LiUPU
005 20250731180131.0
008 150625s r 000 0 d
035 _a(Sirsi) a36442
040 _aPE-LiUPU
_bspa
_cPE-LiUPU
_erda
082 0 4 _a519.5
_bG25D
_221
100 1 _aGarcía Oré, Celestino, 1934,
_eautor.
245 1 0 _aDistribuciones y estadística inferencial /
_cCelestino García Oré.
264 1 _aLima :
_bConsejo Nacional de Ciencia y Tecnología,
_c1997.
300 _a388 páginas ;
_c20 cm.
336 _atext
_2rdacontent
337 _aunmediated
_2rdamedia
338 _avolume
_2rdacarrier
490 0 _aCiencias ;
_v018
504 _aBibliografía: p. 388.
505 0 _aVariables aleatorias. Funciones de cuantía y de densidad. Distribuciones. esperanza matemática. Momentos. -Modelos de distribuciones de una V. A. discreta. -Modelos de distribuciones de una V. A. contínua. -Distribuciones multivariadas. -Estadística inferencial. -problemas resueltos. -Problemas propuestos.
526 _aSEG44
526 _aSEG26
526 _aP159
526 _aP155
526 _aP154
526 _aP153
526 _aP150
526 _aP100
526 _aP31
526 _aP30
526 _aP26
526 _aP25
526 _aP24
526 _aP22
526 _aP15
526 _aP10
650 0 4 _aEstadística matemática
_xProblemas, ejercicios, etc.
910 _bjv
_csm
_d20050825
942 _2ddc
_cBOOK
949 _a519.5 G25D
_wDEWEY
_c1
_i55655
_lCCODEBUL1
_mBUL
_p9.00
_r0
_sY
_tBOOK
_u2015-06-25
_xBIBLIOTECA
_zUNKNOWN
_0COMPRA
_o.STAFF. Colección General
596 _a1
999 _a519.5 G25D
_wDEWEY
_c44515
_i55655
_f2021-11-5
_g7
_lCCODEBUL1
_mBUL
_p9.00
_r0
_sN
_tBOOK
_u2015-6-25
_xBIBLIOTECA
_zUNKNOWN
_0COMPRA
_o.STAFF. Colección General
_d44515
980 _81
_gALBERTO SANCHEZ Responsable de Automatización